Derecho penal: parte general
Guardat en:
| Autor principal: | |
|---|---|
| Format: | Llibre |
| Idioma: | espanyol |
| Publicat: |
Santiago
Jurídica de Chile
2009
|
| Edició: | 1a. ed |
| Col·lecció: | Ciencias Penales
|
| Matèries: | |
| Etiquetes: |
Afegir etiqueta
Sense etiquetes, Sigues el primer a etiquetar aquest registre!
|
MARC
| LEADER | 00000nam a2200000 a 4500 | ||
|---|---|---|---|
| 001 | UCH5024 | ||
| 003 | CL-VaPUC | ||
| 008 | 090916e20090000CL |||||||||||||||||spa|d | ||
| 020 | |a 9789561019317 o.c | ||
| 082 | 0 | 4 | |a 345 |b VEL |2 21 |
| 100 | 0 | |a Velásquez Velásquez, Fernando |e author |9 541145 | |
| 245 | 1 | 0 | |a Derecho penal: parte general |
| 250 | |a 1a. ed | ||
| 300 | |a 2 t | ||
| 942 | |c BK | ||
| 945 | |d 20090916 00:00:00 |a rbrito | ||
| 260 | |a Santiago |b Jurídica de Chile |c 2009 | ||
| 650 | 7 | |a DERECHO PENAL |2 CL-VaPUC |9 11 | |
| 650 | 0 | |a Teoría del derecho |9 255982 | |
| 650 | 0 | |a Fuentes del derecho |9 255162 | |
| 650 | 7 | |a DERECHO PENAL COLOMBIANO |2 CL-VaPUC |9 541146 | |
| 650 | 0 | |a Teoría del delito |9 258906 | |
| 650 | 0 | |a Antijuridicidad |9 368501 | |
| 650 | 7 | |a CULPABILIDAD |2 CL-VaPUC |9 351694 | |
| 583 | |a last modification |c 20090916 00:00:00 |k Rodrigo Vera | ||
| 490 | 0 | |a Ciencias Penales | |
| 999 | |c 336252 |d 336250 | ||
| 952 | |0 0 |1 0 |4 0 |6 345_000000000000000_VEL_2009 |7 0 |8 A |9 427251 |a BIBDER |b BIBDER |d 2019-11-22 |h t.1 |i 4601807 |l 1 |o 345 VEL 2009 |p 4601807 |r 2025-04-21 |s 2025-04-21 |w 2019-11-22 |y BK |k DER | ||
| 952 | |0 0 |1 0 |4 0 |6 345_000000000000000_VEL_2009 |7 0 |8 A |9 427252 |a BIBDER |b BIBDER |d 2019-11-22 |h t.2 |i 4601815 |o 345 VEL 2009 |p 4601815 |r 2023-01-25 |w 2019-11-22 |y BK |k DER | ||